| 000 | 01045nac a22002771i 4500 | ||
|---|---|---|---|
| 003 | EG-ScBUE | ||
| 005 | 20230919112621.0 | ||
| 008 | 121105s1991 ua f b 000 0 ara d | ||
| 017 | _a1991 / 2982 | ||
| 020 | _a9770127299 | ||
| 040 |
_aEG-ScBUE _bara _erda _cEG-ScBUE _dEG-ScBUE |
||
| 043 | _af-ua--- | ||
| 082 | 0 | 4 |
_a916.2 _bذ هـ ن _222 |
| 100 | 1 |
_aذهني، الهام محمد على، _eمؤلف. _931251 |
|
| 245 | 1 | 0 |
_aمصر في كتابات الرحالة الفرنسيين / _cإلهام محمد علي ذهني. |
| 264 | 1 |
_aالقاهرة : _bالهيئة المصرية العامة للكتاب، _c1991. |
|
| 300 |
_a146 صفحة ؛ _c18 سم. |
||
| 336 |
_2rdacontent _aنص _btxt |
||
| 337 |
_2rdamedia _aبدون وسيط _bn |
||
| 338 |
_2rdacarrier _aمجلد _bnc |
||
| 490 | 0 |
_aمركز وثائق وتاريخ مصر المعاصر ؛ _v36 |
|
| 504 | _aيشتمل على إرجاعات ببليوجرافية. | ||
| 651 | 7 |
_aمصر _xوصف ورحلات. _2BUEsh _931253 |
|
| 655 | _vReading book | ||
| 942 |
_cBB _2ddc |
||
| 999 |
_c6537 _d6537 |
||